[Event "Sivas op 1st"]
[Site "Sivas"]
[Date "2019.08.22"]
[Round "6"]
[White "Shahlarov, Faig"]
[Black "Amanmuradow, Atajan"]
[Result "0-1"]
[WhiteElo "1798"]
[BlackElo "1794"]
[PlyCount "64"]
[EventDate "2019.08.19"]
[EventType "swiss"]
[EventRounds "9"]
[EventCountry "TUR"]
[SourceTitle "EXT 2020"]
[Source "ChessBase"]
[SourceDate "2019.10.17"]
[SourceVersion "1"]
[SourceVersionDate "2019.10.17"]
[SourceQuality "1"]

1. d4 d5 2. Nc3 Nf6 3. Bf4 a6 4. e3 Nbd7 5. g4 h6 6. h4 g6 7. f3 c5 8. dxc5 e5 9. Bg3 Qa5 10. Qd2 Bxc5 11. 0-0-0 d4 12. exd4 exd4 13. Nb1 Qxa2 14. Ne2 Nb6 15. Nxd4 Na4 16. c3 Bxd4 17. Qe2+ Be6 18. Rxd4 0-0 19. Rxa4 Qxa4 20. Be5 Nd7 21. Bd4 Rac8 22. Qe3 Rfe8 23. Bd3 Bb3 24. Qf4 Re6 25. Be3 Qa1 26. Be4 Ne5 27. Qxh6 Nc4 28. Rh2 Rxe4 29. fxe4 Ba2 30. Kd1 Qxb1+ 31. Bc1 Rd8+ 32. Ke1 Bb3 0-1

[Event "Sochi ChessAmateur op10"]
[Site "Sochi"]
[Date "2018.10.18"]
[Round "9"]
[White "Amanmuradow, Atajan"]
[Black "Koltsov, Vladimir Alex"]
[Result "1-0"]
[WhiteElo "1663"]
[BlackElo "2052"]
[PlyCount "77"]
[EventDate "2018.10.12"]
[EventType "swiss"]
[EventRounds "9"]
[EventCountry "RUS"]
[SourceTitle "CBM 187 Extra"]
[Source "ChessBase"]
[SourceDate "2018.11.04"]
[SourceVersion "1"]
[SourceVersionDate "2018.11.04"]
[SourceQuality "1"]

1. d4 Nf6 2. Nf3 g6 3. Bf4 d6 4. c3 Bg7 5. Nbd2 c6 6. e4 0-0 7. Be2 Nbd7 8. 0-0 h6 9. h3 b5 10. Re1 Bb7 11. Qc2 Nh5 12. Be3 e5 13. dxe5 dxe5 14. a4 a6 15. Nb3 Qc7 16. Red1 Nf4 17. Bf1 Ne6 18. axb5 cxb5 19. Na5 Bc8 20. c4 b4 21. Qa4 Ndc5 22. Qxb4 Rb8 23. Qa3 Nxe4 24. b4 N4g5 25. Nxg5 hxg5 26. c5 Nd4 27. Rac1 g4 28. hxg4 Bxg4 29. f3 Bc8 30. Nc4 Nb5 31. Qb3 e4 32. Nd6 Be6 33. Bc4 exf3 34. Bxe6 fxe6 35. Qxe6+ Kh7 36. Rc4 f2+ 37. Bxf2 Rxf2 38. Kxf2 Rf8+ 39. Kg1 1-0